000 00568 a2200205 4500
001 60446
005 20260407155856.0
008 260407a1998 arg spa d
003 AR-UNSa-BCEJYS
040 _aAR-UNSa-BCEJYS
_bspa
_cAR-UNSa-BCEJYS
080 _a94:32
_xHistoria PolĂ­tica
245 1 0 _aEl dieciocho brumario de Luis Bonaparte
020 _a978-987-9186-73-2
264 1 _aBuenos Aires :
_bEdiciones Libertador
_c1998
300 _a126 p.
_c19 cm.
041 _aspa
942 _cBK
590 _aniveau_biblio:m niveau_hierar:0
100 1 _aMarx, Karl
999 _c6999
_d6999